Most Popular Social Networks Worldwide - Statistics

General Stats
  • This quiz has been taken 123 times
  • The average score is 7 of 15
Answer Stats
Place Number of Monthly Active Users (in millions) Club % Correct
4. 2,000 Instagram
100%
1. 3,030 Facebook
94%
6. 1,218 TikTok
92%
12. 666 X/Twitter
92%
9. 750 Snapchat
72%
3. 2,000 WhatsApp
68%
2. 2,491 YouTube
68%
8. 800 Telegram
36%
15. 465 Pinterest
34%
7. 1,036 Facebook Messenger
26%
5. 1,327 WeChat
24%
10. 743 Douyin
8%
11. 673 Kuaishou
4%
14. 571 QQ
4%
13. 599 Sina Weibo
4%
No matching quizzes found
Score Distribution
Percent of People with Each Score
Percentile by Number Answered
Your Score History
You have not taken this quiz